| 000 | 00612nam a2200217 i 4500 | ||
|---|---|---|---|
| 001 | 33526 | ||
| 003 | ES-MaACL | ||
| 005 | 20230906154755.0 | ||
| 007 | t| | ||
| 008 | 030202s1979 sp ||||1| spa d | ||
| 020 | _a84-204-2116-2 | ||
| 080 | _a821.134.2(82)-31"19" | ||
| 100 | 1 |
_aBioy Casares, Adolfo. _928953 |
|
| 245 | 1 | 3 |
_aEl héroe de las mujeres / _cAdolfo Bioy Casares. |
| 260 |
_a[Madrid] : _bAlfaguara, _c[1979] |
||
| 300 |
_a176 p. ; _c20 cm. |
||
| 490 | 1 |
_aLiteratura Alfaguara ; _v33 |
|
| 830 | 1 |
_aLiteratura Alfaguara ; _v33 _9178100 |
|
| 852 | 4 |
_aES-MaACL _jL-7051 |
|
| 999 |
_c33526 _d33526 |
||